Loading...
| Current Events | 4 | 10.00 | 25% | 25% | 50% |
| Fine Arts - Classical Music | 7 | 15.71 | 57% | 14% | 86% |
| Fine Arts - Other | 10 | 14.00 | 20% | 80% | 40% |
| Fine Arts - Painting & Sculpture | 4 | 12.50 | 0% | 50% | 75% |
| Geography | 2 | 15.00 | 0% | 100% | 50% |
| History - American | 6 | 15.00 | 67% | 33% | 50% |
| History - European | 5 | 8.00 | 60% | 0% | 20% |
| History - Other | 5 | 14.00 | 40% | 40% | 60% |
| History - World | 5 | 10.00 | 20% | 40% | 40% |
| Literature - American | 6 | 13.33 | 50% | 33% | 50% |
| Literature - British | 4 | 7.50 | 0% | 75% | 0% |
| Literature - European | 9 | 14.44 | 56% | 44% | 44% |
| Literature - World | 7 | 12.86 | 57% | 14% | 57% |
| Mythology | 3 | 10.00 | 33% | 0% | 67% |
| Other Academic | 3 | 16.67 | 67% | 33% | 67% |
| Philosophy | 7 | 17.14 | 71% | 71% | 29% |
| Religion | 7 | 12.86 | 43% | 57% | 29% |
| Science - Biology | 4 | 15.00 | 50% | 25% | 75% |
| Science - Chemistry | 8 | 6.25 | 25% | 25% | 13% |
| Science - Other | 4 | 10.00 | 75% | 25% | 0% |
| Science - Physics | 3 | 13.33 | 67% | 0% | 67% |
| Social Science | 6 | 11.67 | 33% | 33% | 50% |